<?xml version="1.0" encoding="UTF-8"?>
<collection xmlns="http://www.loc.gov/MARC21/slim">
 <record>
  <leader>04414nam a2200541Ii 4500</leader>
  <controlfield tag="001">000154172</controlfield>
  <controlfield tag="003">UtOrBLW</controlfield>
  <controlfield tag="005">20240228152202.0</controlfield>
  <controlfield tag="005">20190118132125.0</controlfield>
  <controlfield tag="006">m     o  d</controlfield>
  <controlfield tag="007">cr un|||||||||</controlfield>
  <controlfield tag="008">190118s2019    enk     o     001 0 eng d</controlfield>
  <datafield tag="STA" ind1=" " ind2=" ">
   <subfield code="a">NEZPRACOVANÝ IMPORT</subfield>
  </datafield>
  <datafield tag="020" ind1=" " ind2=" ">
   <subfield code="a">9781787147737 (e-book)</subfield>
  </datafield>
  <datafield tag="020" ind1=" " ind2=" ">
   <subfield code="a">9781787439313 (ePUB)</subfield>
  </datafield>
  <datafield tag="050" ind1=" " ind2="4">
   <subfield code="a">HM481</subfield>
   <subfield code="b">.L67 2019</subfield>
  </datafield>
  <datafield tag="072" ind1=" " ind2="7">
   <subfield code="a">GPS</subfield>
   <subfield code="2">bicssc</subfield>
  </datafield>
  <datafield tag="072" ind1=" " ind2="7">
   <subfield code="a">SOC024000</subfield>
   <subfield code="2">bisacsh</subfield>
  </datafield>
  <datafield tag="080" ind1=" " ind2=" ">
   <subfield code="a">39</subfield>
  </datafield>
  <datafield tag="082" ind1="0" ind2="4">
   <subfield code="a">305.8001</subfield>
   <subfield code="2">23</subfield>
  </datafield>
  <datafield tag="245" ind1="0" ind2="4">
   <subfield code="a">The lost ethnographies :</subfield>
   <subfield code="b">methodological insights from projects that never were /</subfield>
   <subfield code="c">edited by Robin James Smith, and Sara Delamont.</subfield>
  </datafield>
  <datafield tag="264" ind1=" " ind2="1">
   <subfield code="a">Bingley, U.K. :</subfield>
   <subfield code="b">Emerald Publishing Limited,</subfield>
   <subfield code="c">2019.</subfield>
  </datafield>
  <datafield tag="264" ind1=" " ind2="4">
   <subfield code="c">©2019</subfield>
  </datafield>
  <datafield tag="300" ind1=" " ind2=" ">
   <subfield code="a">1 online resource (ix, 181 pages).</subfield>
  </datafield>
  <datafield tag="336" ind1=" " ind2=" ">
   <subfield code="a">text</subfield>
   <subfield code="b">txt</subfield>
   <subfield code="2">rdacontent</subfield>
  </datafield>
  <datafield tag="337" ind1=" " ind2=" ">
   <subfield code="a">computer</subfield>
   <subfield code="b">c</subfield>
   <subfield code="2">rdamedia</subfield>
  </datafield>
  <datafield tag="338" ind1=" " ind2=" ">
   <subfield code="a">online resource</subfield>
   <subfield code="b">cr</subfield>
   <subfield code="2">rdacarrier</subfield>
  </datafield>
  <datafield tag="490" ind1="1" ind2=" ">
   <subfield code="a">Studies in qualitative methodology,</subfield>
   <subfield code="x">1042-3192 ;</subfield>
   <subfield code="v">volume 17</subfield>
  </datafield>
  <datafield tag="500" ind1=" " ind2=" ">
   <subfield code="a">Includes index.</subfield>
  </datafield>
  <datafield tag="505" ind1="0" ind2=" ">
   <subfield code="a">Prelims -- Editorial introduction -- Chapter 1: Periwigs in Prauge: the opera project we never did -- Chapter 2: Remarks from a lost engagement with the engaging ordinariness of parkour -- Chapter 3: Losing bigfoot -- Chapter 4: A sociological case of stand-up comedy: censorship, offensiveness and opportunism -- Chapter 5: Researching underwater: a submerged study -- Chapter 6: Flat claps and dengue fever: a story of ethnographies lost and found in India -- Chapter 7: Losing the students in a school ethnography: anthropology and the puzzle of holism -- Chapter 8: What happens when you take your eye off the ball? Reflecting on a lost study' of boys' football, uneven playing fields and the longitudinal promise of Esprit de Corps -- Chapter 9: Exorcising an ethnography in limbo -- Chapter 10: Finding the lost thing under the binds of a neglected thesis cover -- Chapter 11: The edges and the end: on stopping an ethnographic project, on losing the way -- Index.</subfield>
  </datafield>
  <datafield tag="520" ind1=" " ind2=" ">
   <subfield code="a">The Lost Ethnographies reports on the methodological lessons learnt from ethnographic projects that, viewed superficially, failed. Experienced researchers write about projects they planned, and were excited about, which then never began, had to be abandoned, or took such unexpected directions that it became a different piece of work altogether. The topics and settings are varied and disparate, but the lessons learnt have important similarities. This collection focuses on absences; topics and settings that remain under researched; taken for granted aspects of social life that have not been scrutinized, and finally the potential insights that are gained when absences are carefully examined and explored. Readers will learn a great deal about research design, fundraising, writing up, access negotiations, serendipity in the field, and the complex interaction between the body and the brain of the ethnographer and the realities of ethnographic research. Maximising learning from the failings' of ourselves and of others is the positive message of the collection. The most poignant chapters are those in which the author returns' to reread and reflect on a past project; something that is not done often enough, partly because it can be painful. The accounts of projects which had to be abandoned or radically changed offer hope to researchers facing difficulties in their own investigations. These reflections, on projects that were never even begun, show how to gain fresh energy and social science insight from apparent rejection, and the collection approaches the whole concept of lost ethnography in provocative ways.</subfield>
  </datafield>
  <datafield tag="588" ind1="0" ind2=" ">
   <subfield code="a">Print version record</subfield>
  </datafield>
  <datafield tag="650" ind1=" " ind2="0">
   <subfield code="a">Ethnomethodology.</subfield>
  </datafield>
  <datafield tag="650" ind1=" " ind2="0">
   <subfield code="a">Ethnology.</subfield>
  </datafield>
  <datafield tag="650" ind1=" " ind2="0">
   <subfield code="a">Sociology.</subfield>
  </datafield>
  <datafield tag="650" ind1=" " ind2="7">
   <subfield code="a">Social Science</subfield>
   <subfield code="x">Research.</subfield>
   <subfield code="2">bisacsh</subfield>
  </datafield>
  <datafield tag="650" ind1=" " ind2="7">
   <subfield code="a">Research methods: general.</subfield>
   <subfield code="2">bicssc</subfield>
  </datafield>
  <datafield tag="700" ind1="1" ind2=" ">
   <subfield code="a">Smith, Robin James,</subfield>
   <subfield code="e">editor.</subfield>
  </datafield>
  <datafield tag="700" ind1="1" ind2=" ">
   <subfield code="a">Delamont, Sara,</subfield>
   <subfield code="d">1947-</subfield>
   <subfield code="e">editor.</subfield>
  </datafield>
  <datafield tag="776" ind1=" " ind2=" ">
   <subfield code="z">9781787147744</subfield>
  </datafield>
  <datafield tag="830" ind1=" " ind2="0">
   <subfield code="a">Studies in qualitative methodology ;</subfield>
   <subfield code="v">v. 17.</subfield>
   <subfield code="x">1042-3192</subfield>
  </datafield>
  <datafield tag="856" ind1="4" ind2="0">
   <subfield code="u">https://zdroje.vse.cz/login?url=https://www.emerald.com/insight/publication/doi/10.1108/S1042-3192201917</subfield>
   <subfield code="y">Plný text</subfield>
  </datafield>
  <datafield tag="856" ind1="4" ind2="2">
   <subfield code="u">https://knihovna.vse.cz/zdroje/emerald-ebooks/</subfield>
   <subfield code="y">Informace o práci s e-knihami</subfield>
  </datafield>
  <datafield tag="BAS" ind1=" " ind2=" ">
   <subfield code="a">EMERALD</subfield>
  </datafield>
  <datafield tag="BAS" ind1=" " ind2=" ">
   <subfield code="a">EB</subfield>
  </datafield>
  <datafield tag="993" ind1=" " ind2=" ">
   <subfield code="x">NEPOSILAT</subfield>
   <subfield code="y">EB</subfield>
  </datafield>
 </record>
</collection>
